000
00263nam a2200109Ia 4500
008
190914s9999||||xx |||||||||||||| ||und||
100
_a
P. A. Lawrence
245
0
_a
Insight into Management
260
_a
New Delhi
_b
Bantam Books
_c
1994
300
_a
328
942
_c
BK
999
_c
9059
_d
9059